| 000 | 01366nam a2200301 4500 | ||
|---|---|---|---|
| 001 | 388 | ||
| 003 | OSt | ||
| 005 | 20250408135839.0 | ||
| 008 | 250408b |||||||b |||| 00| 1 eng d | ||
| 020 | _a9788526231856 | ||
| 040 | _bpor | ||
| 041 | _hspa | ||
| 082 |
_aI 028.5 _bC737s |
||
| 100 | 1 |
_aCompany González, Mercé _d1947- _9811 |
|
| 245 |
_aAs sobrinhas da Bruxa Onilda: _bE Branca de Neve e os Sete Anões / _cCompany González, Mercé ; Tradução de Rita E. Garcia Gonçalves |
||
| 260 |
_aSão Paulo _bScipione _c1997 |
||
| 300 |
_a32 p. _bil. |
||
| 490 | 1 | _aAs sobrinhas da Bruxa Onilda | |
| 520 | _aAs sobrinhas da Bruxa Onilda são trigêmeas muito sapecas, que adoram entrar nas histórias infantis para viver incríveis aventuras com suas personagens. Sua famosa tia, a Bruxa Onilda, está sempre por perto. As trigêmeas entram no túnel do tempo e continuam a história de Branca de Neve a partir daquele fim que já conhecemos. Sendo assim, ela aparece nessa história transformada em rainha e mãe de três príncipes gêmeos. | ||
| 650 | 0 |
_aLiteratura Brasileira _9205 |
|
| 650 | 0 |
_aInfantil _9535 |
|
| 650 | 0 |
_aBruxa Onilda _9813 |
|
| 650 | 0 |
_aDiversidade e Fantasia _9814 |
|
| 655 | 0 |
_aLivro Infantil _9568 |
|
| 700 |
_a Rita E. Garcia Gonçalves _eTRADUTOR _9815 |
||
| 830 |
_aAs sobrinhas da Bruxa Onilda _9812 |
||
| 942 |
_2ddc _n0 _cBK |
||
| 999 |
_c388 _d388 |
||